000 00556nam a2200217Ia 4500
003 OSt
005 20220928151625.0
006 a|||||r|||| 00| 0
007 ta
008 220927b |||||||| |||| 00| 0 eng d
024 _a129019
037 _cTextual
040 _aSDCL
_cSDCL
_beng
041 _2eng
_aeng
082 _aO-,2Ix, J2
100 _aHeilman Robert B
_9517805
245 0 _aAnthology of English drama before Shakespeare.
260 _c1952
942 _hO-,2Ix, J2
_cTEXL
_2CC
999 _c852179
_d852179